000 00599nam a2200181Ia 4500
003 GCL
008 140319s9999 xx 000 0 ara d
040 _aGCL /
_cGCL
082 0 4 _a811.9568
_bم ق
100 1 _aمحمد خالد ياسين ابو غازى
245 1 0 _aالقطيف /
_cمحمد خالد ياسين ابو غازى
300 _a100 ص
490 _aالهيئة العامة للاستعلامات
_v0
650 0 4 _aالشعر العربى
650 0 4 _aالشعر العربى - العصر الحديث
650 0 4 _aالشعر العربى - الاردن
942 _2ddc
_cBK
999 _c49769
_d49769